[Event "Trapiche Alagoano op 49th"]
[Site "Trapiche"]
[Date "2023.12.17"]
[Round "6"]
[White "Do Nascimento, Andre Luiz Nunes"]
[Black "Alves, Andrey Kevin Da Sil"]
[Result "1/2-1/2"]
[WhiteElo "1861"]
[BlackElo "1837"]
[PlyCount "72"]
[EventDate "2023.12.15"]
[EventType "swiss"]
[EventRounds "6"]
[EventCountry "BRA"]
[SourceTitle "CB51_2023"]
[SourceDate "2023.12.20"]
[SourceVersion "1"]
[SourceVersionDate "2023.12.20"]
[SourceQuality "1"]

1. e4 c5 2. b3 Nc6 3. Nf3 a6 4. Bb2 e6 5. d4 cxd4 6. Nxd4 Nf6 7. Bd3 Be7 8. 0-0 0-0 9. Nd2 d5 10. N4f3 b5 11. Ng5 h6 12. Nh3 e5 13. exd5 Qxd5 14. Qe2 Bxh3 15. gxh3 Nd4 16. Bxd4 exd4 17. Ne4 Nxe4 18. Bxe4 Qg5+ 19. Qg4 Qxg4+ 20. hxg4 Rad8 21. Rfe1 Bb4 22. Re2 Bc3 23. Rf1 Rd6 24. Kg2 Rfd8 25. h3 g5 26. f4 f6 27. fxg5 hxg5 28. Kg3 Kg7 29. Bd3 Kf7 30. Rf5 Re6 31. Rxe6 Kxe6 32. Rc5 Kd6 33. Rf5 Ke6 34. Kf3 Rd5 35. Be4 Rxf5+ 36. Bxf5+ Ke5 1/2-1/2

[Event "Trapiche Alagoano op 49th"]
[Site "Trapiche"]
[Date "2023.12.15"]
[Round "2"]
[White "Leite, Lucas Ferreira"]
[Black "Alves, Andrey Kevin Da Sil"]
[Result "1-0"]
[WhiteElo "1800"]
[BlackElo "1837"]
[PlyCount "67"]
[EventDate "2023.12.15"]
[EventType "swiss"]
[EventRounds "6"]
[EventCountry "BRA"]
[SourceTitle "CB51_2023"]
[SourceDate "2023.12.20"]
[SourceVersion "1"]
[SourceVersionDate "2023.12.20"]
[SourceQuality "1"]

1. c4 f5 2. Nf3 Nf6 3. g3 e6 4. Bg2 d5 5. 0-0 Bd6 6. b3 0-0 7. Bb2 Nbd7 8. Nc3 c6 9. d3 a6 10. Re1 Bc5 11. d4 Bd6 12. Qc2 Ne4 13. Rad1 Nxc3 14. Qxc3 f4 15. e4 fxe3 16. fxe3 Nf6 17. Nd2 Qc7 18. e4 Be7 19. cxd5 exd5 20. exd5 Qd6 21. dxc6 b5 22. d5 Qc5+ 23. Qd4 Qxd4+ 24. Bxd4 Bd6 25. Bxf6 gxf6 26. Ne4 Be5 27. d6 Bg4 28. Rd3 Rac8 29. d7 Rxc6 30. Nxf6+ Rcxf6 31. Rxe5 Rd8 32. Re7 Rf7 33. Bd5 Kf8 34. Rxf7+ 1-0